Time & timekeepers (Record no. 5572)

MARC details
000 -CABECERA
campo de control de longitud fija 00896nam a2200277 a 4500
001 - NÚMERO DE CONTROL
campo de control BRCA_5883
005 - FECHA Y HORA DE LA ÚLTIMA TRANSACCIÓN
campo de control 20190320205242.0
008 - DATOS DE LONGITUD FIJA--INFORMACIÓN GENERAL
campo de control de longitud fija 160311s1929----nyua######---#000-0#eng-#
041 ## - CÓDIGO DE LENGUA
Código de lengua del texto/banda sonora o título independiente eng
044 ## - CÓDIGO DEL PAÍS DE LA ENTIDAD EDITORA/PRODUCTORA
Código MARC del país nyu
050 #4 - SIGNATURA TOPOGRÁFICA DE LA BIBLIOTECA DEL CONGRESO
Número de clasificación NK7484
Número de documento/Ítem .M55 1929
100 1# - ENTRADA PRINCIPAL--NOMBRE DE PERSONA
Nombre de persona Milham, Willis Isbister
Fechas asociadas al nombre 1874-
9 (RLIN) 14881
245 10 - MENCIÓN DE TÍTULO
Título Time & timekeepers
Resto del título including the history, construction, care, and accuracy of clocks and watches
Mención de responsabilidad, etc. by Willis I. Milham.
260 ## - PUBLICACIÓN, DISTRIBUCIÓN, ETC.
Lugar de publicación, distribución, etc. Nueva York
Nombre del editor, distribuidor, etc. Macmillan
Fecha de publicación, distribución, etc. 1929
300 ## - DESCRIPCIÓN FÍSICA
Extensión xix, 609 p.
Otras características físicas il., 332 láminas
Dimensiones 22 cm.
500 ## - NOTA GENERAL
Nota general Incluye índice de ilustraciones e índice alfabético
500 ## - NOTA GENERAL
Nota general Con ex-libris de: Edward C. Blessing
500 ## - NOTA GENERAL
Nota general G55
504 ## - NOTA DE BIBLIOGRAFÍA, ETC.
Nota de bibliografía, etc. Bibliografía: p. 568-598
650 14 - PUNTO DE ACCESO ADICIONAL DE MATERIA--TÉRMINO DE MATERIA
Término de materia o nombre geográfico como elemento de entrada Relojes
9 (RLIN) 2227
650 14 - PUNTO DE ACCESO ADICIONAL DE MATERIA--TÉRMINO DE MATERIA
Término de materia o nombre geográfico como elemento de entrada Relojes
Subdivisión general Reparación
9 (RLIN) 14882
650 14 - PUNTO DE ACCESO ADICIONAL DE MATERIA--TÉRMINO DE MATERIA
Término de materia o nombre geográfico como elemento de entrada Relojeros
9 (RLIN) 2107
650 14 - PUNTO DE ACCESO ADICIONAL DE MATERIA--TÉRMINO DE MATERIA
Término de materia o nombre geográfico como elemento de entrada Relojes
Subdivisión general Historia
9 (RLIN) 14883
902 ## - CATALOGADOR
Iniciales GFM
942 ## - ELEMENTOS DE PUNTO DE ACCESO ADICIONAL (KOHA)
Fuente del sistema de clasificación o colocación Library of Congress Classification
Tipo de ítem Koha Libros
Holdings
Estado de retiro Estado de pérdida Estado dañado No para préstamo Localización permanente Ubicación/localización actual Fecha de adquisición Número de inventario Total de préstamos Signatura topográfica completa Código de barras Fecha visto por última vez Precio válido a partir de Tipo de ítem Koha
El ejemplar forma parte de la colección y puede ser consultado según las políticas vigentes.       Biblioteca del Museo Franz Mayer (Rogerio Casas-Alatriste) Biblioteca del Museo Franz Mayer (Rogerio Casas-Alatriste) 16/03/2011 G55   NK7484 .M55 1929 (G55) 6322 22/03/2019 22/03/2019 Libros